| 000 | 00353nam a2200133Ia 4500 | ||
|---|---|---|---|
| 008 | 240624s9999 xx 000 0 und d | ||
| 041 | _aeng | ||
| 082 | _a658.4 LAW | ||
| 100 | _aLAWRENCE THOMAS B | ||
| 245 | _aINSTITUTIONAL WORK ACTORS AND AGENCY IN | ||
| 260 |
_c2011 _aCambridge _bCambridge University Press |
||
| 300 | _a336 : p. | ||
| 365 |
_cBPS _b26 |
||
| 999 |
_c20917 _d20917 |
||